Fetret çağında hikmet burcundan şiirler (Record no. 8560)

MARC details
000 -BAŞLIK
Sabit Uzunlukta Kontrol Alanı 00805na a2200253 4500
001 - KONTROL NUMARASI
Denetim Alanı 23865
003 - KONTROL NUMARASI IDENTIFIER
Denetim Alanı MIRAKIL
005 - SON İŞLEM TARİHİ VE ZAMANI
Denetim Alanı 20181213155216.0
008 - SABİT-BOY VERİ ELEMANLARI - GENEL BİLGİLER
Sabit Uzunlukta Kontrol Alanı 180111b tu 000 0
020 ## - ULUSLARARASI STANDART KİTAP NUMARASI
Uluslararası Standart Kitap Numarası 9789751957238
040 ## - KATALOGLAMA KAYNAK
Orijinal Kataloglama Ajansı Milas
Kataloglama Dili tur
Metne Dönüştürmek Ajansı TR-AnCHP
041 ## - DİL KODU
Metin / Ses Parça Veya Ayrı Başlığın Dil Kodu tur
082 ## - DEWEY ONLU SINIFLANDIRMA NUMARASI
Sınıflandırma Numarası 811.4208
Ürün Numarası F37 2013
090 ## - SINIFLAMA NUMARASI
Sınıflama Numarası 811.4208 F37 2013
245 ## - BAŞLIK TABLOSU
Başlık Fetret çağında hikmet burcundan şiirler
Başlığın Kalan Seçki
Sorumluluk Tablosu, Vb hazırlayan: Sadık Yalsızuçanlar; editör Mustafa Tatcı
260 ## - YAYIN, DAĞITIM, VB
Yayın, Dağıtım, Vb Yeri Ankara
Yayıncı, Dağıtıcı, Vs Adı Diyanet İşleri Başkanlığı (DİB)
Yayın, Dağıtım, Vb Tarihi 2013
300 ## - FİZİKSEL TANIM
Kapsam 556 s.
Boyutlar 17 sm.
440 ## - SERİSİ TABLOSU / KATMA GİRİŞİ - BAŞLIK
Başlık Diyanet İşleri Başkanlığı Yayınları
Hacim / Ardışık Tanımı 944
490 ## - SERİSİ TABLOSU
Seri Beyanı Edebi eserler
Hacim / Ardışık Tanımı 24
650 ## - KONU KATMA GİRİŞ - TOPİKAL DÖNEM
Topikal Süreli Veya Coğrafi Ad Giriş Elemanı Türk şiiri
Genel Alt Bölümü Antoloji
700 ## - KATMA GİRİŞ - KİŞİSEL İSİM
Kişisel Ad Tatcı, Mustafa
Relator Terim ed.
700 ## - KATMA GİRİŞ - KİŞİSEL İSİM
Kişisel Ad Yalsızuçanlar, Sadık
Relator Terim haz.
942 ## - EKLENDİ GİRİŞ ELEMANLARI (KOHA)
Sınıflandırma Veya Raf Düzeni Kaynak Dewey Decimal Classification
Koha Öğesi Türü Books
999 ## - SİSTEM KONTROL NUMARALARI (KOHA)
Koha Biblionumber 8560
Koha Biblioitemnumber 8560
Holdings
Kalıcı Konum Mevcut Konum Edinme Tarihi Edinim Kaynak Toplam Check-Out'Lar Tam Çağrı Numarası Barkod Tarih Son Görülme İtibaren Geçerli Fiyatlar Koha Öğesi Türü
CHP Kütüphanesi CHP Kütüphanesi 01/11/2018 Bağış   811.4208 F37 2013 017845 01/11/2018 01/11/2018 Books